Statistics for Maze Runner Characters & Trivia

Click here to take the quiz!

General Stats

  • This quiz has been taken 194 times
  • The average score is 17 of 36

Answer Stats

QuestionAnswer% Correct
Main CharacterThomas
99%
Second in commandNewt
98%
Keeper of the RunnersMinho
97%
First girlTeresa
97%
First in commandAlby
88%
Who tries to burn the Maps but fails?Alby
88%
Main Character's best friendChuck
84%
CookFrypan
81%
Kid who was banished after trying to kill the Main CharacterBen
75%
Main Character's second love interestBrenda
68%
Who, under the control of WICKED, killed Chuck?Gally
60%
Medjack 2Jeff
57%
Keeper of the Blood HouseWinston
56%
The Rat ManJanson
54%
Medjack 1Clint
53%
Huge central area of mazeThe Glade
50%
Keeper of the Track-hoesZart
50%
ChancellorAva Paige
44%
Pilot of the BergJorge
44%
Second in command of Group BSonya
42%
General insult (You _____!)Shank
41%
First in command of Group BHarriet
38%
General swear or exclaimation (____ it! ____-face)Shuck
33%
The elevator that new kids arrive inThe Box
32%
Terrifying creatures that haunt the Maze every nightGrievers
31%
What is the disease, created by WICKED, that destroys the entire world?The Flare
24%
Slang for new kidGreenbean
17%
The central building/homebaseThe Homestead
14%
Forest in the Glade that contains the GraveyardDead-heads
12%
Slaughter building (previously mentioned in quiz)The Blood House
10%
Slang for idiotSlinthead
9%
The eventual exit of the MazeThe Griever Hole
6%
Name for the equator, which was ravaged by sun flares and became a vast desertThe Scorch
6%
Previous Chancellor that ends up going insane in the Fever CodeKevin Anderson
3%
Name of the son of the woman aboveDante
1%
What is the name of the woman who is like a mother to Newt in the Crank Palace?Keisha
1%

Score Distribution

Percentile by Number Answered

Percent of People with Each Score

Your Score History

You have not taken this quiz